Spravodaj

Bibliographic Details
New Title:Spravodajca
Format: Journal
Language:Slovak
PhysicalDescription:12 zv. 23-29 cm
Published: V Bratislave Slovenský ovocinársky a záhradkársky zväz - Ústredný výbor 1971-1982
V Bratislave Slovenský zväz záhradkárov - Ústredný výbor
Subjects:

MARC

LEADER 00000cas a2200000 a 4500
001 vtls008883250
003 SK-MaSNL
005 20260228162128.0
008 210805d19731982xo qr|p r 0 0 b0slo
035 |a (SVKBB03)vtls000128627 
040 |a SVKBB  |b slo  |c SVKBB  |d SNK  |e AACR2 
041 0 |a slo 
044 |a xo  |c SK 
072 7 |a 634  |x Ovocinárstvo  |2 konspekt 
072 7 |a 635  |x Záhradkárstvo  |2 konspekt 
080 |a 634  |2 2011 
080 |a 634/635  |2 2011 
080 |a (051)-048.55  |2 2011 
080 |a 050  |2 2011 
245 0 0 |a Spravodaj 
246 1 3 |a Mimoriadny spravodaj  |f 1982 
260 |a V Bratislave  |b Slovenský ovocinársky a záhradkársky zväz - Ústredný výbor  |c 1971-1982 
260 3 |3 4/1979-2/1982  |a V Bratislave  |b Slovenský zväz záhradkárov - Ústredný výbor 
300 |a 12 zv.  |c 23-29 cm 
310 |a 4x ročne 
362 0 |a Č. 1 (1971)-č. 2 (1982) 
500 |a Od č. 3/1982 vychádza pod názvom Spravodajca vo formáte 23 cm 
500 |a V r. 1982 vyšlo mimoriadne číslo pod názvom Mimoriadny spravodaj 
650 0 7 |a ovocinárstvo  |2 SNKPH  |9 16370 
650 0 7 |a záhradkárstvo  |2 SNKPH  |9 2728 
655 7 |a špecializované časopisy  |2 SNKPH  |9 70509 
710 2 |a Slovenský ovocinársky a záhradkársky zväz  |4 pbl  |9 84437 
710 2 |a Slovenský zväz záhradkárov  |4 pbl  |9 29704 
752 |a Slovensko  |d Bratislava 
785 0 0 |t Spravodajca  |w vtls008703797 
852 |a Štátna vedecká knižnica v Banskej Bystrici 
910 |a snk 
916 |a 1971-1982 
999 |c 6892  |d 8822 
952 |0 0  |1 0  |4 0  |7 0  |8 0  |a SNK  |b SNK  |d 2020-12-08  |f 1  |i snkČSP 940/73  |l 0  |o snkČSB 2214/1971  |p 17A0792841  |r 2026-02-21 19:24:42  |t č. 1-4  |w 2026-02-21  |y PREZ 
952 |0 0  |1 0  |4 0  |7 0  |8 0  |a SNK  |b SNK  |d 2020-12-08  |f 1  |i snkČSP 1076/74  |l 0  |o snkČSB 2214/1972  |p 17A0792842  |r 2026-02-21 19:24:42  |t č. 1-3  |w 2026-02-21  |y PREZ 
952 |0 0  |1 0  |4 0  |7 0  |8 0  |a SNK  |b SNK  |d 2020-12-08  |f 1  |i snkČSP 1074/74  |l 0  |o snkČSB 2214/1973  |p 17A0792843  |r 2026-02-21 19:24:42  |t č. 1-4  |w 2026-02-21  |y PREZ 
952 |0 0  |1 0  |4 0  |7 0  |8 0  |a SNK  |b SNK  |d 2020-12-08  |f 1  |i snkČSP 1134/75  |l 0  |o snkČSB 2214/1974  |p 17A0792844  |r 2026-02-21 19:24:42  |t č. 1-4  |w 2026-02-21  |y PREZ 
952 |0 0  |1 0  |4 0  |7 0  |8 0  |a SNK  |b SNK  |d 2020-12-08  |f 1  |i snkČSP 311/78  |l 0  |o snkČSB 2214/1975  |p 17A0792845  |r 2026-02-21 19:24:42  |t č. 1-3  |w 2026-02-21  |y PREZ 
952 |0 0  |1 0  |4 0  |7 0  |8 0  |a SNK  |b SNK  |d 2020-12-08  |f 1  |i snkČSP 312/78  |l 0  |o snkČSB 2214/1976  |p 17A0792846  |r 2026-02-21 19:24:42  |t č. 1-4  |w 2026-02-21  |y PREZ 
952 |0 0  |1 0  |4 0  |7 0  |8 0  |a SNK  |b SNK  |d 2020-12-08  |f 1  |l 0  |o snkČSB 2214/1977  |p 17A0792847  |r 2026-02-21 19:24:42  |t č. 1-4  |w 2026-02-21  |y PREZ 
952 |0 0  |1 0  |4 0  |7 0  |8 0  |a SNK  |b SNK  |d 2020-12-08  |f 1  |i snkČSP 1676/78  |l 0  |o snkČSB 2214/1978  |p 17A0792848  |r 2026-02-21 19:24:42  |t č. 1-4  |w 2026-02-21  |y PREZ 
952 |0 0  |1 0  |4 0  |7 0  |8 0  |a SNK  |b SNK  |d 2020-12-08  |f 1  |i snkČSP 837/80  |l 0  |o snkČSB 2214/1979  |p 17A0792849  |r 2026-02-21 19:24:42  |t č. 1-4  |w 2026-02-21  |y PREZ 
952 |0 0  |1 0  |4 0  |7 0  |8 0  |a SNK  |b SNK  |d 2020-12-08  |f 1  |i snkČSP 1793/82  |l 0  |o snkČSB 2214/1980  |p 17A0792850  |r 2026-02-21 19:24:42  |t č. 1-3  |w 2026-02-21  |y PREZ 
952 |0 0  |1 0  |4 0  |7 0  |8 0  |a SNK  |b SNK  |d 2020-12-08  |f 1  |i snkČSP 1794/82  |l 0  |o snkČSB 2214/1981  |p 17A0944643  |r 2026-02-21 19:24:42  |t č. 1-4  |w 2026-02-21  |y PREZ 
952 |0 0  |1 0  |4 0  |7 0  |8 0  |a SNK  |b SNK  |d 2020-12-08  |f 1  |i snkČSP 953/83  |l 0  |o snkČSB 2214/1982/1  |p 17A0944655  |r 2026-02-21 19:24:42  |t č. 1-4  |w 2026-02-21  |y PREZ 
952 |0 0  |1 0  |4 0  |7 0  |8 0  |a SNK  |b SNK  |d 2020-12-08  |f 1  |l 0  |o snkČSB 2214/1982/2  |p 17A0944656  |r 2026-02-21 19:24:42  |t 1 mim. č.  |w 2026-02-21  |y PREZ